1127 1934 1976 1512 1784 1783 1014 1843 1039 1719 1467 1317 1426 1629 1370 1778 1150 1854 1739 1687 1322 1941 1149 1621 1804 1088 1949 1756 1211 1036 1171 1079 1524 1448 1300 1786 1605 1960 1509 1942 1921 1585 1435 1243 1725 1229 1092 1217 1242 1880 1801 1164 1392 1159 1704 1214 1131 1493 1139 1214 1014 1760 1752 1724 1643 1536 1268 1851 1824 1562 1111 1151 1575 1810 1380 1578 1467 1502 1316 1212 1829 1403 1448 1758 1263 1799 1094 1618 1596 1383 1452 1371 1300 1137 1099 1575 1097 1024 1232 BCNSPRNW ULIB Ver.6.0+V

เปลี่ยนเป็นภาษาไทย

Change to English
 แสดงรายละเอียดบรรณานุกรม
  กลับหน้าหลัก

Brief Record : Get Marc (ISO 2709) : E-mail record : QR code < ปิดหน้าต่าง
LEADER : 00000nam a2200000Ia 4500
001    13399115206
003     ULIB
008    101004s2552 th 000 0 tha d
020    ^a9789744511492
060 04 ^aWM105^bจ631ส
100 0  ^aจุฑารัตน์ สถิรปัญญา
245 10 ^aสุขภาพจิต =^bMental health /^cจุฑารัตน์ สถิรปัญญา
246 31 ^aMental health
250    ^aพิมพ์ครั้งที่ 2
260    ^aสงขลา :^bสาขาสาธารณสุขศาสตร์ คณะวิทยาการสุขภาพและการกีฬา มหาวิทยาลัยทักษิณ,^c2552
300    ^aก-จ, 194 หน้า ;^c27 ซม.
650  4 ^aสุขภาพจิต
710 2  ^aมหาวิทยาลัยทักษิณ. ^bคณะวิทยาการสุขภาพและการกีฬา.
945    ^p265^l0^i032153
995    ^aเกษร
999 ^a ใช้งานได้ทุกระบบ
รายการนี้ยังไม่มีแท็ก
คุณยังไม่ได้ล็อกอิน คุณสามารถมีกิจกรรมร่วมกับเว็บไซต์ได้ แต่ต้องล็อกอินก่อน ::
  ล็อกอิน

รายการสื่อสารสนเทศ

ลำดับที่ ประเภท เลขเรียก/บาร์โค้ด สถานที่ สถานะ
- ไม่พบข้อมูล -

รายการใกล้เคียง
    ผู้แต่ง [จุฑารัตน์ สถิรปัญญา]

    หัวเรื่อง [สุขภาพจิต]

BibComment


ยังไม่เคยถูกคอมเมนท์

คอมเมนท์ทรัพยากรรายการนี้
  คอมเมนท์: สุขภาพจิต Menta..


 Copyright 2026. Bcnsprnw @Library